| 000 | 00774nam a22002417a 4500 | ||
|---|---|---|---|
| 003 | BUBTL | ||
| 008 | 220901b ||||| |||| 00| 0 eng d | ||
| 020 | _a9789352865611 | ||
| 082 | _a658.8/ K8487p/ 2018 | ||
| 100 |
_952 _aKotler, Philip |
||
| 245 |
_aPrinciples of Marketing / _cPhilip Kotler, Gray Armstrong, Prafulla Y. Agnihotri |
||
| 250 | _a17th Edn. | ||
| 260 |
_aIndia: _bPearson, _cc2018 |
||
| 300 |
_axxii, 699 p.: _bills.; _c28 cm. |
||
| 500 | _aIncludes Index | ||
| 505 | _aMarketing, Philip Kotler, Gray Armstrong, Prafulla Y. Agnihotri | ||
| 650 | 0 |
_953 _aMarketing |
|
| 700 |
_94618 _aArmostrong, Gray |
||
| 700 |
_94619 _aY. Agnihotri, Prafulla |
||
| 856 |
_k0 _l0 _yDownload |
||
| 942 |
_2ddc _cBK |
||
| 999 |
_c6733 _d6733 |
||